00842cam a2200241 a 4500999001500000001000600015003000900021005001700030008004100047040003800088082001800126245007000144250001200214260005100226300004000277504005100317650001100368650001500379700002700394710003300421942001200454952013400466 c6309d630911752BD-DhUAP20201229113408.0201229s2006 bg abf b f000 0 eng  aBD-DhUAPcBD-DhUAPdBD-DhUAPbEng a394.6 BAN223 aBangladesh fairs and festivals /cedited by Kamal Uddin Siddiqui. a1st ed. aBangladesh :bExternal publicity wing,cc2006. a81 pages :billustrations ;c22 cm. aIncludes bibliographical references and index. aFairs. aFestivals. aSiddiqui, Kamal Uddin. aMinistry of foreign affairs. 2ddccBK 00102ddc4070aUAPCLbUAPCLcGeneral Stacksd2020-12-29l3m1o394.6 BANp3010011752r2021-06-15s2021-06-15t1w2020-12-29yBK